00559nam a22001817a 4500003000900000008004100009040007100050082002200121100002700143245005900170260003000229300002700259440003800286505002400324650001000348650000900358650001000367AR-CdUCM190503b ||||| |||| 00| 0 spa d aMUNICIPALIDAD PROVINCIAL DEL CUSCOcBIBLIOTECA MUNICIPAL DEL CUSCO a247 /bS34 / 1951 aScheroff y Avi, Martin aEl cuarto mandamiento :bDrama en un acto y en prosa / aLima :bSalesiana,c1951. a31 páginas ;c18 cm. aGalería dramática salesiana  aContenido : Escenas aDrama aActo aProsa